00944nam a2200241Ia 450000500170000000800410001702000150005804000180007304100080009108200220009910000270012124500440014825000120019226000570020430000240026165000400028565000330032565000320035894200350039099900190042595201290044495201290057320241113160846.0210716s1985 xx 000 0 und d a0876921217 cAIMIT LIBRARY aeng a005.135 21bWORT aWorth, Thomas.9185267 aCobol for beginners /cBy Thomas Worth. a1st ed. aNew Delhi :bPrentice Hall of India PVt Ltd ;c1985. a369p. ;bPBc26 cm. aSerial access file updating9185268 aJob control language9185269 aUsage computational9185270 2ddccBKe1st ed.k005.135 WORT c180715d180715 00102ddc40708MCAaAIMITbAIMITd2021-07-16g48.00l0o005.135 WORTpMCA00223r2025-07-21 00:00:00v48.00w2021-07-16yBK 00102ddc40708MCAaAIMITbAIMITd2021-07-16g48.00l0o005.135 WORTpMCA00305r2025-07-21 00:00:00v48.00w2021-07-16yBK